[Event "ESTCC 65 2019"]
[Site "Mali Losinj"]
[Date "2019.09.22"]
[Round "5.7"]
[White "Herbrechtsmeier, Christof"]
[Black "Hohler, Peter"]
[Result "1-0"]
[WhiteElo "2210"]
[BlackElo "2047"]
[Annotator "NA"]
[PlyCount "105"]
[EventDate "2019.09.18"]
[EventType "team-tourn"]
[EventCountry "CRO"]
[SourceTitle "playchess.com"]
[Source "ChessBase"]
[SourceQuality "1"]
[WhiteTeam "Germany"]
[BlackTeam "Switzerland"]
[WhiteTeamCountry "GER"]
[BlackTeamCountry "SUI"]
[TimeControl "40/5400+30:1800+30"]

1. e4 {[%emt 0:00:30]} e5 {[%emt 0:00:30]} 2. Nf3 {[%emt 0:01:30]} Nc6 {[%emt 0:00:30]} 3. Bb5 {[%emt 0:00:00]} a6 {[%emt 0:00:00]} 4. Ba4 {[%emt 0:00:00]} Nf6 {[%emt 0:00:00]} 5. O-O {[%emt 0:00:30]} b5 {[%emt 0:01:30]} 6. Bb3 {[%emt 0:00:00]} Bb7 {[%emt 0:00:00]} 7. c3 {[%emt 0:01:00]} Nxe4 {[%emt 0:12:00]} 8. d4 {[%emt 0:00:30]} exd4 {[%emt 0:01:30]} 9. Re1 {[%emt 0:00:30]} d5 {[%emt 0:00:30]} 10. Ng5 {[%emt 0:00:30]} Qd7 {[%emt 0:03:30]} 11. f3 {[%emt 0:01:30]} h6 {[%emt 0:00:30]} 12. Nxf7 {[%emt 0:00:00]} Qxf7 {[%emt 0:10:30]} 13. fxe4 {[%emt 0:00:00]} Ne7 {[%emt 0:05:30]} 14. exd5 {[%emt 0:03:30]} Bxd5 {[%emt 0:02:30]} 15. cxd4 {[%emt 0:08:30]} O-O-O {[%emt 0:03:30]} 16. Nc3 {[%emt 0:03:30]} Qg6 {[%emt 0:05:30]} 17. Nxd5 {[%emt 0:02:30]} Nxd5 {[%emt 0:00:30]} 18. Qf3 {[%emt 0:05:30]} c6 {[%emt 0:04:30]} 19. Bd2 {[%emt 0:06:30]} Bd6 {[%emt 0:05:30]} 20. Bxd5 {[%emt 0:22:30]} cxd5 {[%emt 0:00:30]} 21. Qh3+ {[%emt 0:02:30]} Kb7 {[%emt 0:01:30]} 22. Ba5 {[%emt 0:02:30]} Rde8 {[%emt 0:09:30]} 23. Qd7+ {[%emt 0:04:30]} Kb8 {[%emt 0:00:30]} 24. Rac1 {[%emt 0:10:30]} Rc8 {[%emt 0:11:30]} 25. Kh1 {[%emt 0:10:18]} Bf4 {[%emt 0:08:56]} 26. Rxc8+ {[%emt 0:03:17]} Rxc8 {[%emt 0:00:34]} 27. Qxd5 {[%emt 0:00:30]} Re8 {[%emt 0:03:12]} 28. Rf1 {[%emt 0:02:04]} Qd3 {[%emt 0:04:12]} 29. Ra1 {[%emt 0:01:58]} Qe4 {[%emt 0:04:22]} 30. Qf7 {[%emt 0:00:53]} g5 {[%emt 0:00:45]} 31. Qf6 {[%emt 0:02:01]} Qe6 {[%emt 0:00:00]} 32. Qxe6 {[%emt 0:00:47]} Rxe6 {[%emt 0:00:34]} 33. g3 {[%emt 0:00:00]} Bc7 {[%emt 0:00:16]} 34. Re1 {[%emt 0:00:29]} Rxe1+ {[%emt 0:00:21]} 35. Bxe1 {[%emt 0:00:02]} Kb7 {[%emt 0:00:45]} 36. d5 {[%emt 0:02:02]} Be5 {[%emt 0:00:26]} 37. b3 {[%emt 0:00:12]} Kc7 {[%emt 0:00:46]} 38. Bb4 {[%emt 0:00:14]} Bd6 {[%emt 0:00:39]} 39. Ba5+ {[%emt 0:00:52]} Kd7 {[%emt 0:00:13]} 40. Kg2 {[%emt 0:00:41]} g4 {[%emt 0:00:56]} 41. Bd2 {[%emt 0:02:10]} h5 {[%emt 0:03:33]} 42. Kf2 {[%emt 0:03:30]} Bc5+ {[%emt 0:06:30]} 43. Be3 {[%emt 0:00:30]} Be7 {[%emt 0:00:30]} 44. Bf4 {[%emt 0:01:30]} Bc5+ {[%emt 0:02:30]} 45. Ke2 {[%emt 0:03:30]} Ke7 {[%emt 0:00:30]} 46. Be3 {[%emt 0:00:30]} Bd6 {[%emt 0:02:50]} 47. Kd3 {[%emt 0:01:30]} Kf6 {[%emt 0:00:28]} 48. Ke4 {[%emt 0:00:30]} Bb8 {[%emt 0:00:47]} 49. Bd4+ {[%emt 0:03:30]} Kg6 {[%emt 0:00:19]} 50. Be5 {[%emt 0:00:30]} Ba7 {[%emt 0:00:11]} 51. d6 {[%emt 0:00:30]} Kf7 {[%emt 0:01:41]} 52. Kf5 {[%emt 0:00:30]} Bg1 {[%emt 0:00:20]} 53. Bf6 {[%emt 0:00:30]} 1-0

[Event "ESTCC 65 2019"]
[Site "Mali Losinj"]
[Date "2019.09.22"]
[Round "5.8"]
[White "Illi, Hans-Joerg"]
[Black "Kiefer, Gerhard"]
[Result "0-1"]
[WhiteElo "1987"]
[BlackElo "2227"]
[Annotator "NA"]
[PlyCount "68"]
[EventDate "2019.09.18"]
[EventType "team-tourn"]
[EventCountry "CRO"]
[SourceTitle "playchess.com"]
[Source "ChessBase"]
[SourceQuality "1"]
[WhiteTeam "Switzerland"]
[BlackTeam "Germany"]
[WhiteTeamCountry "SUI"]
[BlackTeamCountry "GER"]
[TimeControl "40/5400+30:1800+30"]

1. d4 {[%emt 0:00:30]} Nf6 {[%emt 0:00:30]} 2. Nf3 {[%emt 0:00:30]} g6 {[%emt 0:00:00]} 3. Bg5 {[%emt 0:00:30]} Bg7 {[%emt 0:00:00]} 4. Nbd2 {[%emt 0:00:30]} O-O {[%emt 0:00:30]} 5. c3 {[%emt 0:00:00]} d6 {[%emt 0:00:00]} 6. e4 {[%emt 0:01:00]} h6 {[%emt 0:01:00]} 7. Bh4 {[%emt 0:00:00]} c5 {[%emt 0:00:30]} 8. dxc5 {[%emt 0:07:00]} dxc5 {[%emt 0:00:30]} 9. Bc4 {[%emt 0:01:30]} Nc6 {[%emt 0:00:30]} 10. Qc2 {[%emt 0:01:30]} Nh5 {[%emt 0:01:30]} 11. O-O {[%emt 0:03:30]} Na5 {[%emt 0:08:30]} 12. Be2 {[%emt 0:03:30]} Nf4 {[%emt 0:02:30]} 13. Rfe1 {[%emt 0:00:30]} Nxe2+ {[%emt 0:04:30]} 14. Rxe2 {[%emt 0:00:30]} Be6 {[%emt 0:03:30]} 15. Rd1 {[%emt 0:04:30]} Qc7 {[%emt 0:11:30]} 16. b3 {[%emt 0:08:30]} Nc6 {[%emt 0:01:30]} 17. Bg3 {[%emt 0:06:30]} Qa5 {[%emt 0:01:30]} 18. e5 {[%emt 0:10:30]} Rad8 {[%emt 0:02:30]} 19. Ne4 {[%emt 0:12:30]} Rxd1+ {[%emt 0:11:30]} 20. Qxd1 {[%emt 0:00:30]} Bg4 {[%emt 0:00:00]} 21. Ned2 {[%emt 0:05:30]} Qxc3 {[%emt 0:04:00]} 22. h3 {[%emt 0:02:30]} Bxf3 {[%emt 0:08:30]} 23. Nxf3 {[%emt 0:01:30]} Rd8 {[%emt 0:00:30]} 24. Qc2 {[%emt 0:01:30]} Qxc2 {[%emt 0:02:30]} 25. Rxc2 {[%emt 0:00:30]} Rd1+ {[%emt 0:00:00]} 26. Kh2 {[%emt 0:00:30]} b6 {[%emt 0:00:00]} 27. Re2 {[%emt 0:05:30]} e6 {[%emt 0:01:30]} 28. h4 {[%emt 0:06:53]} Kf8 {[%emt 0:04:30]} 29. Bf4 {[%emt 0:03:36]} Ke8 {[%emt 0:09:30]} 30. g4 {[%emt 0:01:06]} Kd7 {[%emt 0:02:05]} 31. Kg2 {[%emt 0:00:51]} Nd4 {[%emt 0:02:41]} 32. Nxd4 {[%emt 0:04:06]} Rxd4 {[%emt 0:00:08]} 33. Kf3 {[%emt 0:03:08]} h5 {[%emt 0:01:31]} 34. Kg3 {[%emt 0:01:54]} hxg4 {[%emt 0:00:00]} 0-1

[Event "ESTCC 65 2019"]
[Site "Mali Losinj"]
[Date "2019.09.22"]
[Round "5.9"]
[White "Rooze, Jan"]
[Black "Rantanen, Yrjo A."]
[Result "1/2-1/2"]
[WhiteElo "2281"]
[BlackElo "2309"]
[Annotator "TA"]
[PlyCount "96"]
[EventDate "2019.09.18"]
[EventType "team-tourn"]
[EventCountry "CRO"]
[SourceTitle "playchess.com"]
[Source "ChessBase"]
[SourceQuality "1"]
[WhiteTeam "Belgium"]
[BlackTeam "Finland"]
[WhiteTeamCountry "BEL"]
[BlackTeamCountry "FIN"]

{[%evp 18,96,25,37,21,24,55,0,16,12,16,9,18,10,1,0,0,-11,0,-55,-13,-22,14,20,16,20,22,0,42,20,35,20,43,43,45,32,45,43,43,34,35,25,25,25,29,29,33,37,45,51,56,55,47,59,81,64,101,86,125,119,129,122,131,139,183,153,156,157,152,135,135,135,135,140,139,143,145,108,120,0,100]} 1. c4 e5 2. g3 Nf6 3. Bg2 c6 4. d4 exd4 5. Qxd4 d5 6. Nf3 Be7 7. cxd5 cxd5 8. O-O Nc6 9. Qd3 O-O 10. Nc3 Nb4 {A20: English Opening: 1...e5} 11. Qd1 Ne4 12. Nb5 $146 (12. Qb3 $14) ({Predecessor:} 12. Be3 Nxc3 13. bxc3 Nc6 14. Rb1 Qa5 15. Qb3 Bf6 16. Nd4 Rd8 17. Rfc1 Ne5 18. Rd1 {1-0 (28) Votava,J (2515)-Lie,K (2388) Reykjavik 2002}) 12... Qb6 13. Nbd4 Nc6 14. Nb3 Rd8 15. Be3 Qa6 16. Nbd4 Bf6 17. Re1 Bg4 18. a3 ({White should try} 18. Qd3 $11 Qa4 19. Nxc6 bxc6 20. b3) 18... Rac8 19. h3 Bxf3 20. exf3 {[#] aiming for Bf1.} Nxd4 21. Bxd4 Nc5 {Hoping for ...Bxd4.} 22. Bf1 Qb6 (22... Qc6 {keeps more tension.} 23. Rb1 Bxd4 24. Qxd4 Ne6 25. Qd2 Qc2) 23. Re3 Bxd4 24. Qxd4 Ne6 25. Qxb6 axb6 26. Rd1 d4 27. Rb3 Rd6 28. f4 Nc5 29. Rb5 Kf8 30. Bd3 h6 31. Kf1 Re8 32. Rb4 Ke7 33. Re1+ Kd8 34. Rxe8+ Kxe8 $14 {[%mdl 4096] Endgame KRB-KRN} 35. Ke2 Kd8 36. Kd2 Kc7 37. Rc4 {Strongly threatening b4.} Kb8 38. b4 Na4 39. Rc1 Nc3 40. Re1 Rd7 41. Bf5 Rc7 42. Re8+ Ka7 43. Rd8 Nb5 44. a4 Nc3 45. Rxd4 Nxa4 46. Rd7 Kb8 47. Rd8+ Ka7 48. Rd7 Kb8 {Accuracy: White = 59%, Black = 51%.} 1/2-1/2

[Event "ESTCC 65 2019"]
[Site "Mali Losinj"]
[Date "2019.09.22"]
[Round "5.10"]
[White "Westerinen, Heikki M.J."]
[Black "Van Herck, Marcel"]
[Result "1/2-1/2"]
[WhiteElo "2296"]
[BlackElo "2088"]
[Annotator "NA"]
[PlyCount "57"]
[EventDate "2019.09.18"]
[EventType "team-tourn"]
[EventCountry "CRO"]
[SourceTitle "playchess.com"]
[Source "ChessBase"]
[SourceQuality "1"]
[WhiteTeam "Finland"]
[BlackTeam "Belgium"]
[WhiteTeamCountry "FIN"]
[BlackTeamCountry "BEL"]
[TimeControl "40/5400+30:1800+30"]

1. e4 {[%emt 0:00:30]} c6 {[%emt 0:00:30]} 2. d4 {[%emt 0:00:30]} d5 {[%emt 0:00:30]} 3. e5 {[%emt 0:00:30]} Bf5 {[%emt 0:00:00]} 4. Nc3 {[%emt 0:00:30]} e6 {[%emt 0:00:00]} 5. g4 {[%emt 0:00:30]} Bg6 {[%emt 0:00:30]} 6. Nge2 {[%emt 0:00:30]} c5 {[%emt 0:00:30]} 7. h4 {[%emt 0:01:30]} h5 {[%emt 0:00:30]} 8. Nf4 {[%emt 0:00:30]} Bh7 {[%emt 0:00:30]} 9. g5 {[%emt 0:00:30]} Nc6 {[%emt 0:03:30]} 10. Qxh5 {[%emt 0:02:30]} Nxd4 {[%emt 0:02:30]} 11. Nxe6 {[%emt 0:03:30]} Nxe6 {[%emt 0:00:30]} 12. Bb5+ {[%emt 0:00:30]} Ke7 {[%emt 0:00:30]} 13. g6 {[%emt 0:00:30]} Bxg6 {[%emt 0:03:30]} 14. Qxh8 {[%emt 0:00:30]} d4 {[%emt 0:03:30]} 15. Bg5+ {[%emt 0:07:30]} f6 {[%emt 0:00:30]} 16. Qxg8 {[%emt 0:11:30]} Bf7 {[%emt 0:01:30]} 17. Bxf6+ {[%emt 0:17:30]} gxf6 {[%emt 0:00:30]} 18. Qg2 {[%emt 0:01:30]} dxc3 {[%emt 0:01:30]} 19. Rd1 {[%emt 0:07:30]} cxb2 {[%emt 0:01:30]} 20. Qxb7+ {[%emt 0:02:30]} Nc7 {[%emt 0:00:30]} 21. O-O {[%emt 0:06:30]} Bd5 {[%emt 0:01:30]} 22. Rxd5 {[%emt 0:01:30]} Qxd5 {[%emt 0:00:00]} 23. Qxc7+ {[%emt 0:00:30]} Ke6 {[%emt 0:00:00]} 24. Bc6 {[%emt 0:11:30]} Qd8 {[%emt 0:02:30]} 25. Qh7 {[%emt 0:00:30]} Rb8 {[%emt 0:01:30]} 26. Qg8+ {[%emt 0:04:37]} Kf5 {[%emt 0:02:30]} 27. Qh7+ {[%emt 0:06:08]} Ke6 {[%emt 0:00:30]} 28. Qg8+ {[%emt 0:05:17]} Kf5 {[%emt 0:00:30]} 29. Qh7+ {[%emt 0:04:47]} 1/2-1/2

[Event "ESTCC 65 2019"]
[Site "Mali Losinj"]
[Date "2019.09.22"]
[Round "5.11"]
[White "Van de Wynkele, Herman"]
[Black "Kivimaki, Jaakko"]
[Result "0-1"]
[WhiteElo "2085"]
[BlackElo "2195"]
[Annotator "NA"]
[PlyCount "48"]
[EventDate "2019.09.18"]
[EventType "team-tourn"]
[EventCountry "CRO"]
[SourceTitle "playchess.com"]
[Source "ChessBase"]
[SourceQuality "1"]
[WhiteTeam "Belgium"]
[BlackTeam "Finland"]
[WhiteTeamCountry "BEL"]
[BlackTeamCountry "FIN"]
[TimeControl "40/5400+30:1800+30"]

1. e4 {[%emt 0:00:30]} e5 {[%emt 0:00:30]} 2. Nf3 {[%emt 0:00:00]} Nc6 {[%emt 0:00:00]} 3. Bc4 {[%emt 0:00:00]} Bc5 {[%emt 0:00:00]} 4. d4 {[%emt 0:00:30]} exd4 {[%emt 0:01:30]} 5. O-O {[%emt 0:01:30]} d6 {[%emt 0:04:30]} 6. c3 {[%emt 0:00:30]} Qf6 {[%emt 0:04:30]} 7. e5 {[%emt 0:22:30]} dxe5 {[%emt 0:02:30]} 8. Ng5 {[%emt 0:07:30]} Be6 {[%emt 0:09:30]} 9. Ne4 {[%emt 0:04:30]} Qe7 {[%emt 0:00:30]} 10. Bxe6 {[%emt 0:00:00]} fxe6 {[%emt 0:00:30]} 11. Qh5+ {[%emt 0:00:00]} Kd7 {[%emt 0:07:30]} 12. b4 {[%emt 0:15:30]} Bd6 {[%emt 0:02:30]} 13. b5 {[%emt 0:01:30]} Nd8 {[%emt 0:01:30]} 14. Bg5 {[%emt 0:00:30]} Nf6 {[%emt 0:06:30]} 15. Qh4 {[%emt 0:05:30]} Rf8 {[%emt 0:01:30]} 16. Nbd2 {[%emt 0:01:30]} h6 {[%emt 0:00:30]} 17. Nxf6+ {[%emt 0:01:30]} gxf6 {[%emt 0:00:30]} 18. Bxh6 {[%emt 0:00:00]} Rh8 {[%emt 0:01:30]} 19. cxd4 {[%emt 0:12:00]} Qh7 {[%emt 0:01:30]} 20. dxe5 {[%emt 0:04:30]} fxe5 {[%emt 0:01:30]} 21. Nc4 {[%emt 0:06:10]} Qxh6 {[%emt 0:00:30]} 22. Qg3 {[%emt 0:01:18]} Nf7 {[%emt 0:00:30]} 23. h3 {[%emt 0:00:40]} Rag8 {[%emt 0:01:30]} 24. Qf3 {[%emt 0:00:42]} Ng5 {[%emt 0:02:30]} 0-1

[Event "ESTCC 65 2019"]
[Site "Mali Losinj"]
[Date "2019.09.22"]
[Round "5.12"]
[White "Vinke, Dietmar"]
[Black "Schrickx, Frank"]
[Result "1-0"]
[WhiteElo "2129"]
[BlackElo "1813"]
[Annotator "NA"]
[PlyCount "93"]
[EventDate "2019.09.18"]
[EventType "team-tourn"]
[EventCountry "CRO"]
[SourceTitle "playchess.com"]
[Source "ChessBase"]
[SourceQuality "1"]
[WhiteTeam "Finland"]
[BlackTeam "Belgium"]
[WhiteTeamCountry "FIN"]
[BlackTeamCountry "BEL"]
[TimeControl "40/5400+30:1800+30"]

1. Nf3 {[%emt 0:00:30]} d5 {[%emt 0:00:30]} 2. g3 {[%emt 0:00:00]} Nf6 {[%emt 0:00:00]} 3. Bg2 {[%emt 0:00:00]} e6 {[%emt 0:00:00]} 4. O-O {[%emt 0:00:00]} Be7 {[%emt 0:00:30]} 5. d3 {[%emt 0:00:00]} c5 {[%emt 0:01:30]} 6. Nbd2 {[%emt 0:00:30]} Nc6 {[%emt 0:00:30]} 7. e4 {[%emt 0:00:30]} dxe4 {[%emt 0:02:30]} 8. dxe4 {[%emt 0:00:00]} Qc7 {[%emt 0:03:30]} 9. c3 {[%emt 0:05:00]} O-O {[%emt 0:10:30]} 10. Qe2 {[%emt 0:11:30]} e5 {[%emt 0:05:30]} 11. Nc4 {[%emt 0:08:30]} Bg4 {[%emt 0:05:30]} 12. Ne3 {[%emt 0:03:30]} Bxf3 {[%emt 0:04:30]} 13. Qxf3 {[%emt 0:11:30]} Rad8 {[%emt 0:01:30]} 14. Nf5 {[%emt 0:01:30]} Ne8 {[%emt 0:03:30]} 15. Be3 {[%emt 0:01:30]} b6 {[%emt 0:01:30]} 16. Nxe7+ {[%emt 0:02:30]} Nxe7 {[%emt 0:00:30]} 17. Rfd1 {[%emt 0:00:30]} Nd6 {[%emt 0:07:30]} 18. Qe2 {[%emt 0:01:30]} Nb7 {[%emt 0:05:30]} 19. Bf1 {[%emt 0:14:30]} Rxd1 {[%emt 0:00:30]} 20. Rxd1 {[%emt 0:00:00]} Rd8 {[%emt 0:00:30]} 21. f3 {[%emt 0:01:00]} Rxd1 {[%emt 0:04:30]} 22. Qxd1 {[%emt 0:00:00]} Nd8 {[%emt 0:01:30]} 23. Bh3 {[%emt 0:11:00]} Ne6 {[%emt 0:04:30]} 24. Kf2 {[%emt 0:02:30]} h6 {[%emt 0:01:30]} 25. Qa4 {[%emt 0:00:30]} Kf8 {[%emt 0:01:30]} 26. Bf1 {[%emt 0:03:30]} a5 {[%emt 0:04:30]} 27. Qc4 {[%emt 0:02:36]} Qd6 {[%emt 0:05:30]} 28. Qa6 {[%emt 0:03:26]} g5 {[%emt 0:01:30]} 29. Qd3 {[%emt 0:01:13]} Qxd3 {[%emt 0:02:30]} 30. Bxd3 {[%emt 0:00:02]} Nc6 {[%emt 0:02:48]} 31. Bc4 {[%emt 0:02:25]} Ke7 {[%emt 0:03:00]} 32. a4 {[%emt 0:00:11]} f6 {[%emt 0:01:01]} 33. Ke2 {[%emt 0:00:39]} Kd6 {[%emt 0:00:34]} 34. Kd3 {[%emt 0:00:12]} Kd7 {[%emt 0:03:19]} 35. Kc2 {[%emt 0:06:14]} Kd6 {[%emt 0:00:52]} 36. Kb3 {[%emt 0:00:52]} Nf8 {[%emt 0:01:12]} 37. Bd5 {[%emt 0:01:52]} Ne7 {[%emt 0:00:40]} 38. Bf7 {[%emt 0:00:08]} Nc6 {[%emt 0:03:40]} 39. Kc4 {[%emt 0:00:41]} Na7 {[%emt 0:02:08]} 40. b4 {[%emt 0:01:24]} Nd7 {[%emt 0:01:04]} 41. Be8 {[%emt 0:30:42]} axb4 {[%emt 0:31:42]} 42. Bxd7 {[%emt 0:02:31]} Kxd7 {[%emt 0:01:05]} 43. cxb4 {[%emt 0:00:09]} cxb4 {[%emt 0:00:44]} 44. Bxb6 {[%emt 0:00:15]} Nc8 {[%emt 0:02:39]} 45. Bc5 {[%emt 0:01:39]} Kc6 {[%emt 0:00:45]} 46. Kxb4 {[%emt 0:01:18]} h5 {[%emt 0:00:00]} 47. h3 {[%emt 0:00:00]} 1-0

[Event "ESTCC 65 2019"]
[Site "Mali Losinj"]
[Date "2019.09.22"]
[Round "5.13"]
[White "Beilfuss, Wilfried"]
[Black "Quinn, John M"]
[Result "1/2-1/2"]
[WhiteElo "2192"]
[BlackElo "2105"]
[Annotator "NA"]
[PlyCount "60"]
[EventDate "2019.09.18"]
[EventType "team-tourn"]
[EventCountry "CRO"]
[SourceTitle "playchess.com"]
[Source "ChessBase"]
[SourceQuality "1"]
[WhiteTeam "Germany"]
[BlackTeam "England"]
[WhiteTeamCountry "GER"]
[BlackTeamCountry "ENG"]
[TimeControl "40/5400+30:1800+30"]

1. c4 {[%emt 0:00:30]} e5 {[%emt 0:00:30]} 2. g3 {[%emt 0:00:30]} c6 {[%emt 0:00:30]} 3. d4 {[%emt 0:00:30]} e4 {[%emt 0:00:30]} 4. Bg2 {[%emt 0:01:30]} d5 {[%emt 0:00:00]} 5. Nc3 {[%emt 0:02:30]} Nf6 {[%emt 0:02:00]} 6. Bg5 {[%emt 0:03:30]} Nbd7 {[%emt 0:00:30]} 7. cxd5 {[%emt 0:04:30]} cxd5 {[%emt 0:00:00]} 8. Qb3 {[%emt 0:03:30]} Bd6 {[%emt 0:06:00]} 9. Nh3 {[%emt 0:00:30]} h6 {[%emt 0:18:30]} 10. Bf4 {[%emt 0:00:30]} Bxf4 {[%emt 0:06:30]} 11. Nxf4 {[%emt 0:00:30]} Nb6 {[%emt 0:00:30]} 12. O-O {[%emt 0:02:30]} O-O {[%emt 0:03:30]} 13. Rad1 {[%emt 0:21:30]} Re8 {[%emt 0:03:30]} 14. Rfe1 {[%emt 0:08:30]} g5 {[%emt 0:13:30]} 15. Nh3 {[%emt 0:00:00]} Nc4 {[%emt 0:00:00]} 16. Nb1 {[%emt 0:04:00]} Qa5 {[%emt 0:07:00]} 17. Nc3 {[%emt 0:08:30]} Bd7 {[%emt 0:03:30]} 18. Rc1 {[%emt 0:01:30]} Rac8 {[%emt 0:04:30]} 19. Qc2 {[%emt 0:08:30]} Rc7 {[%emt 0:08:30]} 20. f3 {[%emt 0:08:30]} Qb6 {[%emt 0:04:55]} 21. fxe4 {[%emt 0:01:00]} Qxd4+ {[%emt 0:01:21]} 22. Kh1 {[%emt 0:02:26]} Ne3 {[%emt 0:07:27]} 23. Qd3 {[%emt 0:00:32]} Qxd3 {[%emt 0:01:24]} 24. exd3 {[%emt 0:00:02]} Nxg2 {[%emt 0:01:22]} 25. Kxg2 {[%emt 0:00:12]} Bc6 {[%emt 0:01:03]} 26. Nb5 {[%emt 0:01:26]} Rce7 {[%emt 0:01:27]} 27. Nd6 {[%emt 0:05:55]} dxe4 {[%emt 0:01:59]} 28. Nxe8 {[%emt 0:00:32]} Rxe8 {[%emt 0:00:12]} 29. dxe4 {[%emt 0:00:54]} Nxe4 {[%emt 0:00:20]} 30. Kg1 {[%emt 0:01:14]} f5 {[%emt 0:01:36]} 1/2-1/2

[Event "ESTCC 65 2019"]
[Site "Mali Losinj"]
[Date "2019.09.22"]
[Round "5.14"]
[White "Hutchinson, Paul A"]
[Black "Becker, Norbert"]
[Result "1/2-1/2"]
[WhiteElo "2124"]
[BlackElo "2131"]
[Annotator "NA"]
[PlyCount "127"]
[EventDate "2019.09.18"]
[EventType "team-tourn"]
[EventCountry "CRO"]
[SourceTitle "playchess.com"]
[Source "ChessBase"]
[SourceQuality "1"]
[WhiteTeam "England"]
[BlackTeam "Germany"]
[WhiteTeamCountry "ENG"]
[BlackTeamCountry "GER"]
[TimeControl "40/5400+30:1800+30"]

1. d4 {[%emt 0:00:30]} d5 {[%emt 0:00:30]} 2. Nf3 {[%emt 0:00:30]} Nf6 {[%emt 0:00:30]} 3. e3 {[%emt 0:03:30]} Bf5 {[%emt 0:00:30]} 4. Be2 {[%emt 0:00:30]} e6 {[%emt 0:00:30]} 5. O-O {[%emt 0:00:30]} Bd6 {[%emt 0:01:30]} 6. c4 {[%emt 0:03:30]} c6 {[%emt 0:01:30]} 7. Nc3 {[%emt 0:00:00]} Nbd7 {[%emt 0:02:30]} 8. b3 {[%emt 0:06:00]} h6 {[%emt 0:03:30]} 9. Bb2 {[%emt 0:00:00]} O-O {[%emt 0:00:00]} 10. Rc1 {[%emt 0:01:00]} Rc8 {[%emt 0:03:00]} 11. h3 {[%emt 0:01:30]} Qe7 {[%emt 0:01:30]} 12. Re1 {[%emt 0:10:30]} Rfd8 {[%emt 0:03:30]} 13. Bd3 {[%emt 0:05:30]} Ne4 {[%emt 0:08:30]} 14. Qc2 {[%emt 0:01:30]} Bb4 {[%emt 0:09:30]} 15. Red1 {[%emt 0:04:30]} Nxc3 {[%emt 0:14:30]} 16. Bxc3 {[%emt 0:00:30]} Bxc3 {[%emt 0:01:30]} 17. Qxc3 {[%emt 0:06:30]} Bxd3 {[%emt 0:00:30]} 18. Qxd3 {[%emt 0:00:30]} Qa3 {[%emt 0:04:30]} 19. Qc2 {[%emt 0:09:30]} a5 {[%emt 0:02:30]} 20. Rb1 {[%emt 0:02:30]} Qd6 {[%emt 0:07:30]} 21. c5 {[%emt 0:01:30]} Qc7 {[%emt 0:00:30]} 22. b4 {[%emt 0:06:30]} axb4 {[%emt 0:03:30]} 23. Rxb4 {[%emt 0:01:30]} Ra8 {[%emt 0:00:30]} 24. Rdb1 {[%emt 0:01:30]} Ra7 {[%emt 0:01:30]} 25. R1b2 {[%emt 0:00:30]} Rb8 {[%emt 0:01:30]} 26. Qb1 {[%emt 0:01:30]} f6 {[%emt 0:03:30]} 27. Nh4 {[%emt 0:01:30]} Nf8 {[%emt 0:04:30]} 28. g3 {[%emt 0:02:30]} Qc8 {[%emt 0:03:10]} 29. Kg2 {[%emt 0:00:30]} Qd7 {[%emt 0:01:27]} 30. a4 {[%emt 0:00:30]} Qc7 {[%emt 0:01:02]} 31. Ng6 {[%emt 0:03:30]} Nxg6 {[%emt 0:01:40]} 32. Qxg6 {[%emt 0:00:00]} Qf7 {[%emt 0:02:27]} 33. Qxf7+ {[%emt 0:01:00]} Kxf7 {[%emt 0:00:04]} 34. Rb6 {[%emt 0:00:30]} e5 {[%emt 0:04:20]} 35. a5 {[%emt 0:07:15]} Rxa5 {[%emt 0:02:36]} 36. Rxb7+ {[%emt 0:00:08]} Rxb7 {[%emt 0:00:20]} 37. Rxb7+ {[%emt 0:00:06]} Kg6 {[%emt 0:00:17]} 38. Rb6 {[%emt 0:01:17]} exd4 {[%emt 0:00:34]} 39. exd4 {[%emt 0:00:06]} Ra4 {[%emt 0:00:14]} 40. Rxc6 {[%emt 0:00:24]} Rxd4 {[%emt 0:00:18]} 41. Rd6 {[%emt 0:01:14]} Rd3 {[%emt 0:11:31]} 42. Rd7 {[%emt 0:04:30]} d4 {[%emt 0:03:30]} 43. c6 {[%emt 0:00:30]} Rc3 {[%emt 0:00:30]} 44. c7 {[%emt 0:00:30]} f5 {[%emt 0:02:30]} 45. g4 {[%emt 0:04:30]} fxg4 {[%emt 0:03:43]} 46. hxg4 {[%emt 0:00:30]} Kf6 {[%emt 0:00:41]} 47. f4 {[%emt 0:01:30]} g6 {[%emt 0:00:44]} 48. Kf2 {[%emt 0:00:00]} h5 {[%emt 0:03:33]} 49. Rd6+ {[%emt 0:12:00]} Ke7 {[%emt 0:03:55]} 50. Rxg6 {[%emt 0:00:30]} hxg4 {[%emt 0:00:13]} 51. Rxg4 {[%emt 0:00:30]} Rxc7 {[%emt 0:00:32]} 52. Rg7+ {[%emt 0:00:30]} Kd6 {[%emt 0:00:12]} 53. Rxc7 {[%emt 0:00:30]} Kxc7 {[%emt 0:00:05]} 54. Kf3 {[%emt 0:00:00]} Kd6 {[%emt 0:00:23]} 55. Ke4 {[%emt 0:00:00]} Ke6 {[%emt 0:00:13]} 56. Kxd4 {[%emt 0:00:30]} Kf5 {[%emt 0:00:22]} 57. Ke3 {[%emt 0:00:00]} Kf6 {[%emt 0:00:42]} 58. Ke4 {[%emt 0:00:00]} Ke6 {[%emt 0:00:08]} 59. f5+ {[%emt 0:00:30]} Kf6 {[%emt 0:00:12]} 60. Kf4 {[%emt 0:00:00]} Kf7 {[%emt 0:00:10]} 61. Ke5 {[%emt 0:01:00]} Ke7 {[%emt 0:00:08]} 62. f6+ {[%emt 0:00:30]} Kf7 {[%emt 0:00:06]} 63. Kf5 {[%emt 0:00:00]} Kf8 {[%emt 0:00:09]} 64. Ke6 {[%emt 0:00:00]} 1/2-1/2